000 00293nam a22001337a 4500
008 170814b xxu||||| |||| 00| 0 eng d
020 _a9780136155393
041 _aeng
080 _a51
100 _a36
101 _aMAT
245 _aSTUDENT SOLUTIONS MANUAL
_cMILLER,D.S
942 _2udc
_cBK
999 _c23438
_d23438